000 00788nam a2200277 a 4500
003 AR-BaBNM
005 20251128210642.0
008 082120s2002 ||||||||||||||000 | spa||
020 _a950-507-470-0
040 _cAR-BaBNM
100 1 _aTrossero, René Juan
245 0 0 _aRespuestas educativas a necesidades adolescentes
260 _aBuenos Aires
_bBonum
_c1997
300 _a43 p.
490 0 _aAportes educativos
500 _aContiene citas del Evangelio alusivas a problemáticas de la adolescencia y la juventud
650 4 _aEDUCACION RELIGIOSA
650 4 _aADOLESCENCIA
650 4 _aIDENTIDAD
650 4 _aADOLESCENTES
650 4 _aSEXUALIDAD
650 4 _aFINALIDADES DE LA EDUCACION
653 _aEDUCACION EN VALORES
942 _cBK
998 _cRAQUEL
999 _c16315
_d16315